Notas a la Recopilación de Indias (Record no. 27434)

MARC details
000 -LEADER
campo de control de longitud fija 00754nam a2200193 i 4500
001 - NÚMERO DE CONTROL
campo de control 27434
003 - IDENTIFICADOR DE NÚMERO DE CONTROL
campo de control ES-MaACL
005 - FECHA Y HORA DE LA ÚLTIMA TRANSACCIÓN
campo de control 20250808085332.0
007 - CAMPO FIJO DE DESCRIPCIÓN FÍSICA--INFORMACIÓN GENERAL
campo de control de longitud fija t|
008 - DATOS DE LONGITUD FIJA--INFORMACIÓN GENERAL
campo de control de longitud fija 151013s1945 sp ||||1| spa d
100 1# - ENTRADA PRINCIPAL--NOMBRE DE PERSONA
Nombre de persona Ayala, Manuel José de.
9 (RLIN) 24120
245 10 - MENCIÓN DEL TÍTULO
Título Notas a la Recopilación de Indias
Resto del título : origen e historia ilustrada de las leyes de Indias /
Mención de responsabilidad, etc. por Manuel Josef de Ayala... obra inédita ; transcripción y estudio preliminar de Juan Manzano Manzano.
260 ## - PUBLICACIÓN, DISTRIBUCIÓN, ETC.
Lugar de publicación, distribución, etc. Madrid :
Nombre del editor, distribuidor, etc. Cultura Hispánica,
Fecha de publicación, distribución, etc. 1945 (
Fabricante Gráf. Ultra)
300 ## - DESCRIPCIÓN FÍSICA
Extensión CXXX p., 7 h., 458 p. ;
Dimensiones 28 cm.
650 #4 - PUNTO DE ACCESO ADICIONAL DE MATERIA--TÉRMINO DE MATERIA
Término de materia o nombre geográfico como elemento de entrada Derecho colonial-
Subdivisión geográfica América española
9 (RLIN) 11671
700 1# - ENTRADA AGREGADA--NOMBRE PERSONAL
Nombre de persona Manzano Manzano, Juan.
9 (RLIN) 76227
852 ## - LOCALIZACIÓN
Ubicación ES-MaACL
Número de control de estantería P-936
Holdings
Estatus retirado Estado de pérdida Estado de daño No para préstamo Biblioteca de origen Biblioteca actual Ubicación en estantería Fecha de adquisición Fuente de adquisición Total de préstamos Signatura topográfica completa Código de barras Visto por última vez Precio de reemplazo Tipo de ítem Koha
        Biblioteca del Ateneo de Madrid Biblioteca del Ateneo de Madrid Depósito 2 17/01/2008     P-936 1028320 23/02/2023 23/02/2023 Libro impreso